000 01500cam a22003134a 4500
999 _c128993
_d128993
001 11792051
003 ARRUPE
005 20190214090510.0
008 990920s2000 pau b 001 0 eng
010 _a 99048866
020 _a0940866811 (hardback)
020 _a094086682X
040 _aDLC
_cDLC
_dDLC
042 _apcc
043 _an-us---
050 0 0 _aBX1407.H55
_bB75 1999
082 0 0 _a282/.73/08968
_221
245 0 0 _aBridging boundaries :
_bthe pastoral care of U.S. Hispanics /
_cedited by Kenneth G. Davis and Yolanda Tarango.
260 _aScranton :
_bUniversity of Scranton Press ;
_aTonawanda, NY :
_bUniversity of Toronto Press [distributor],
_cc2000.
300 _axvi, 144 p. ;
_c24 cm.
504 _aIncludes bibliographical references (p. 133-140) and index.
650 0 _aChurch work with Hispanic Americans
_xCatholic Church.
_944621
650 0 _aHispanic American Catholics
_xReligious life.
_922586
700 1 _aDavis, Kenneth G.,
_d1957-
_944622
700 1 _aTarango, Yolanda.
_944623
856 4 2 _3Publisher description
_uhttp://www.loc.gov/catdir/enhancements/fy0666/99048866-d.html
856 4 1 _3Table of contents only
_uhttp://www.loc.gov/catdir/enhancements/fy0666/99048866-t.html
906 _a7
_bcbc
_corignew
_d1
_eocip
_f19
_gy-gencatlg
942 _2lcc
_cMONOGRAPH